| 000 | 01305pam a2200361 a 4500 | ||
|---|---|---|---|
| 001 | 2559105 | ||
| 003 | OSt | ||
| 005 | 20140315095942.0 | ||
| 008 | 950209s1995 nyu j 000 1 eng | ||
| 010 | _a 95007091 | ||
| 020 | _a0590690140 | ||
| 040 |
_aDLC _cDLC _dDLC |
||
| 042 | _alcac | ||
| 050 | 0 | 0 |
_aPZ 7 _b.C94137Wat 1998 |
| 100 | 1 |
_aCurtis, Christopher Paul. _95556 |
|
| 245 | 1 | 4 |
_aThe Watsons go to Birmingham--1963 / _cChristopher Paul Curtis. |
| 260 |
_aNew York, NY : _bScholastic Inc., _c1998. |
||
| 300 |
_a210 p. ; _c22 cm. |
||
| 521 | _aG9 | ||
| 526 | _c1000 | ||
| 650 | 0 |
_aAfrican Americans _vJuvenile fiction. _925885 |
|
| 650 | 1 |
_aAfrican Americans _vFiction. _925886 |
|
| 650 | 1 |
_aFamily life _vFiction. _925887 |
|
| 650 | 1 |
_aPrejudices _vFiction. _925888 |
|
| 650 | 1 |
_aBrothers and sisters _vFiction. _925889 |
|
| 651 | 1 |
_aFlint (Mich.) _vFiction. _925890 |
|
| 856 | 4 | 2 |
_3Publisher description _uhttp://www.loc.gov/catdir/description/random0415/95007091.html |
| 856 | 4 | 2 |
_3Contributor biographical information _uhttp://www.loc.gov/catdir/enhancements/fy0703/95007091-b.html |
| 906 |
_a7 _bcbc _corignew _d1 _eocip _f19 _gy-gencatlg |
||
| 942 |
_2lcc _cBK |
||
| 999 |
_c47427 _d47427 |
||